• 首页
  • 本馆介绍
  • 公告通知
  • 最新文献
  • 馆藏检索
  • 电子资源
  • 读者导购
  • 参考咨询
  • 我的图书馆
  • 登录
  • 详细信息显示
  • 放入我的书架
  • 预约/预借图书
  • 作者相关作品
  • 分类相关作品
  • 丛书相关作品
  • 出版社相关作品

书目信息

  • 表格格式
  • 工作单格式
  • 卡片格式
题名:
大学生心理与生理健康教育
    
 
作者: 李伟兰 , 张玉亚 主编
分册:  
出版信息: 北京   中国政法大学出版社  2016.12
页数: 336页
开本: 26cm
丛书名: 高等法律职业教育系列教材
单 册:
中图分类: G647.9 , R167
科图分类:
主题词: 大学生--da xue sheng--心理健康--健康教育--高等职业教育--教材 , 大学生--da xue sheng--生理卫生--健康教育--高等职业教育--教材
电子资源:
ISBN: 978-7-5620-6905-8
000 01263nam 2200289 450
001 2337440477
005 20231123102411.77
010    @a978-7-5620-6905-8@dCNY46.00
100    @a20170315d2016 em y0chiy50 ea
101 0  @achi
102    @aCN@b110000
105    @aa a 000yy
200 1  @a大学生心理与生理健康教育@Ada xue sheng xin li yu sheng li jian kang jiao yu@f主编李伟兰, 张玉亚
210    @a北京@c中国政法大学出版社@d2016.12
215    @a336页@c图@d26cm
225 2  @a高等法律职业教育系列教材@Agao deng fa lu^ zhi ye jiao yu xi lie jiao cai
320    @a有书目 (第335-336页)
330    @a本书共分为16章, 内容涉及健康概论、大学生心身健康特点、大学新生心理适应与调试、大学情绪情感与心理健康、大学生人际交往、大学生挫折应对与危机干预、大学生网络心理及调适、大学生常见心理障碍的识别与应对、行为环境与健康、常见传染病及防治、性心身障碍与性疾病、现代创伤救护等。
410  0 @12001 @a高等法律职业教育系列教材
606 0  @a大学生@Ada xue sheng@x心理健康@x健康教育@x高等职业教育@j教材
606 0  @a大学生@Ada xue sheng@x生理卫生@x健康教育@x高等职业教育@j教材
690    @aG647.9@v5
690    @aR167@v5
701  0 @a李伟兰@Ali wei lan@4主编
701  0 @a张玉亚@Azhang yu ya@4主编
801  0 @aCN@b人天书店@c20170315
905    @aBZT@dG647.9@e8
    
    大学生心理与生理健康教育/主编李伟兰, 张玉亚.-北京:中国政法大学出版社,2016.12
    336页:图;26cm.-(高等法律职业教育系列教材)
    
    
    ISBN 978-7-5620-6905-8:CNY46.00
    本书共分为16章, 内容涉及健康概论、大学生心身健康特点、大学新生心理适应与调试、大学情绪情感与心理健康、大学生人际交往、大学生挫折应对与危机干预、大学生网络心理及调适、大学生常见心理障碍的识别与应对、行为环境与健康、常见传染病及防治、性心身障碍与性疾病、现代创伤救护等。
●
相关链接 在五车中查询图书 在当当中查询图书 在豆瓣中查询图书


正题名:大学生心理与生理健康教育     索取号:G647.9/8         预约/预借

序号 登录号 条形码 馆藏地/架位号 状态 备注
1 2001078442   2001078442   东辅楼二楼书库/ [索取号:G647.9/8] 在馆    
2 2001078443   2001078443   东辅楼二楼书库/ [索取号:G647.9/8] 在馆    
3 2001078444   2001078444   东辅楼二楼书库/ [索取号:G647.9/8] 在馆    
4 2001078445   2001078445   东辅楼二楼书库/ [索取号:G647.9/8] 在馆    
5 2001078446   2001078446   东辅楼二楼书库/ [索取号:G647.9/8] 在馆    
6 2001078447   2001078447   东辅楼二楼书库/ [索取号:G647.9/8] 在馆    
7 2001078448   2001078448   东辅楼二楼书库/ [索取号:G647.9/8] 在馆    
8 2001078449   2001078449   东辅楼二楼书库/ [索取号:G647.9/8] 在馆    
9 2001078450   2001078450   东辅楼二楼书库/ [索取号:G647.9/8] 在馆    
10 2001078451   2001078451   东辅楼二楼书库/ [索取号:G647.9/8] 在馆    
11 2001078452   2001078452   东辅楼二楼书库/ [索取号:G647.9/8] 在馆    
12 2001078453   2001078453   东辅楼二楼书库/ [索取号:G647.9/8] 在馆    
13 2001078454   2001078454   东辅楼二楼书库/ [索取号:G647.9/8] 在馆    
14 2001078455   2001078455   东辅楼二楼书库/ [索取号:G647.9/8] 在馆    
15 2001078456   2001078456   东辅楼二楼书库/ [索取号:G647.9/8] 在馆    
16 2001078457   2001078457   东辅楼二楼书库/ [索取号:G647.9/8] 在馆    
17 2001078458   2001078458   东辅楼二楼书库/ [索取号:G647.9/8] 在馆    
18 2001078459   2001078459   东辅楼二楼书库/ [索取号:G647.9/8] 在馆    
19 2001078460   2001078460   东辅楼二楼书库/ [索取号:G647.9/8] 在馆    
20 2001078461   2001078461   东辅楼二楼书库/ [索取号:G647.9/8] 在馆    
21 2001078462   2001078462   东辅楼二楼书库/ [索取号:G647.9/8] 在馆    
22 2001078463   2001078463   东辅楼二楼书库/ [索取号:G647.9/8] 在馆    
23 2001078464   2001078464   东辅楼二楼书库/ [索取号:G647.9/8] 在馆    
24 2001078465   2001078465   东辅楼二楼书库/ [索取号:G647.9/8] 在馆    
25 2001078466   2001078466   东辅楼二楼书库/ [索取号:G647.9/8] 在馆    
26 2001078467   2001078467   东辅楼二楼书库/ [索取号:G647.9/8] 在馆    
27 2001078468   2001078468   东辅楼二楼书库/ [索取号:G647.9/8] 在馆    
28 2001078469   2001078469   东辅楼二楼书库/ [索取号:G647.9/8] 在馆    
29 2001078470   2001078470   东辅楼二楼书库/ [索取号:G647.9/8] 在馆    
30 2001078471   2001078471   东辅楼二楼书库/ [索取号:G647.9/8] 在馆    
山东省滨州职业学院图书馆 欢迎您!
大连网信软件有限公司© 版权所有